000 00366 a2200145 4500
001 169596
020 _a
040 _cMagnum
100 _aFulghum, Robert
240 1 0 _aTudo que devia saber na vida aprendi no jardim-de-infancia
_lpor
245 1 0 _aTudo que devia saber na vida aprendi no jardim-de-infancia
362 0 _a1899
697 _aGERAL
942 _cBK
999 _c169596
_d169596